| 000 | 00519nam a2200205Ia 4500 | ||
|---|---|---|---|
| 999 |
_c2871 _d2871 |
||
| 001 | 10226456 | ||
| 003 | OCoLC | ||
| 005 | 20210203151259.0 | ||
| 008 | 831216s1983 nbu 000 0 eng d | ||
| 020 | _a0847465071 | ||
| 040 |
_aJBT _cJBT |
||
| 082 |
_a248.4 _bW648E |
||
| 092 |
_a248.4 _bW648E |
||
| 100 | 1 | _aWiersbe, Warren W | |
| 245 | 1 | 0 |
_aEnjoy your freedom / _cby Warren Wiersbe |
| 260 |
_aLincoln, Neb. : _bBack to the Bible, _cc1983 |
||
| 300 |
_a92 p. ; _c18 cm |
||
| 650 | 0 | _aChristian life | |
| 942 |
_2ddc _cBK |
||